Movies Quiz

Random Movies or Clickable Quiz

Carrie 2013 Prom Night Deaths Quiz Stats

 Plays Quiz not verified by Sporcle

Challenge
Share
Tweet
Embed
Score 0/18 Timer 05:00
0 Plays Today
% Correct
Pigs blood
97.1%
Crushes them in the bleachers
72.7%
burns
70.3%
windshield
70.3%
Mrs. Desjardin
69.8%
Car
69.8%
Kills
69.2%
seatbelt
68.6%
explode
68.6%
% Correct
Water spouts
67.4%
Fire
65.7%
Trampled
65.1%
Flies
63.4%
Shuts doors
59.9%
Screams
59.3%
moon decoration
58.7%
jumped out of the way
58.7%
Hits someone with a lamppost
39%

You're not logged in!

Compare scores with friends on all Sporcle quizzes.
Join for Free
OR
Log In

You Might Also Like...

Show Comments

Extras

Top Quizzes Today


Score Distribution

Your Account Isn't Verified!

In order to create a playlist on Sporcle, you need to verify the email address you used during registration. Go to your Sporcle Settings to finish the process.

Report this User

Report this user for behavior that violates our Community Guidelines.

Details: